Представление документа в формате RUSMARC

ПолеНазваниеЗначение
  Тип записи a
  Библиографический уровень m
001 Контрольный номер RU/SLIB/B/208706262
005 Дата корректировки 20241025090645.1
010 Индекс ISBN __
d Цена 65-00
101 Язык документа __
a Язык текста rus
c Язык оригинала rus
200 Заглавие и сведения об ответственности 1_
a Заглавие Нефтяные горизонты
e Сведения, относящиеся к заглавию воспоминания геолога
f Первые сведения об ответственности А. С. Кувшинов
b Общее обозначение материала Текст
210 Выходные данные __
a Место издания Тюмень
c Издательство Ю. Мандрика
d Дата издания 2000
215 Физическое описание __
a Объем 216 с., [8] л. фотогр.
601 Наименование организации как предмет __
a Наименование организации как предмет Главтюменьнефтегаз
606 Тематические рубрики __
a Основная рубрика Экономика
a Основная рубрика Экономика топливной промышленности
z Хронологическая подрубрика 20 в.
y Географическая подрубрика Россия; Тюменская область; ХМАО; Ханты-Мансийский автономный округ; Нижневартовск; Самотлор
610 Ключевые слова __
a Ключевые слова нефтегазодобывающий комплекс; нефть; нефтяники; месторождения; геологоразведка; воспоминания; геология; краеведение; нефтяная промышленность
686 Индексы других классификаций __
2 Код системы rubbks
a Классификационный индекс К65.305.143(2Рос-4Тюм); стК65.3(2Рос-4Тюм)
700 Автор _1
a Фамилия Кувшинов
b Имя А. С.
4 Код отношения 070
801 Источник записи _0
a Страна RU
b Организация Муниципальное бюджетное учреждение культуры "Централизованная библиотечная система" г. Сургут (Центральная городская библиотека им. А. С. Пушкина)
g Правила каталогизации ОБ/Котельникова
801 Источник записи _1
a Страна RU
b Организация Муниципальное бюджетное учреждение культуры "Централизованная библиотечная система" г. Сургут (Центральная городская библиотека им. А. С. Пушкина)
g Правила каталогизации ОБ/Котельникова
852 Данные о местонахождении __
j Шифр хранения К65.305.143(2Рос-4Тюм)
c Каталожный индекс К65.304.13(2Рос-4Тюм)
i Авторский знак К 88
p Инвентарный номер 76966
901 Тип документа __
t Тип документа m
903 Характеристики (МАРС) __
a Дата передачи 20000921
990 Данные о заказе (DOS) 00
j Количество экземпляров (DOS) 3
t N записи в КСУ для И/У (DOS) 200001